| 000 | 00673nam a2200205 i 4500 | ||
|---|---|---|---|
| 001 | 50131 | ||
| 003 | ES-MaACL | ||
| 005 | 20230906162129.0 | ||
| 007 | t| | ||
| 008 | 030731s1928 fr ||||1| fre d | ||
| 100 | 1 |
_aCroiset, Maurice. _941670 |
|
| 245 | 1 | 0 |
_aEschyle _b: études sur l'invention dramatique dans sou théatre / _cpar Maurice Croiset. |
| 260 |
_aParis : _bSociété d'Edition "Les Belles Lettres", _c1928 ( _eSaint Amand : _fBussière) |
||
| 300 |
_a277 p. ; _c21 cm. |
||
| 490 | 1 | _aCollection d'études anciennes | |
| 600 | 0 | 4 |
_aEsquilo. _947970 |
| 830 | 0 |
_aCollection d'études anciennes _9181839 |
|
| 852 |
_aES-MaACL _jA-925 |
||
| 999 |
_c50131 _d50131 |
||